000 00292nam a22001337a 4500
008 170316b xxu||||| |||| 00| 0 eng d
020 _a9780321709332
041 _aeng
080 _29 ED
_aSHM
100 _a7
101 _aSHM
245 _aANATOMY PHYSIOLOGY
_cMARTINI.F.H
942 _2udc
_cBK
999 _c7953
_d7953